01714nam a2200349 4500003000900000005001700009008004100026040004600067041000800113082002600121092000700147099003400154100004700188245029000235264005800525300002600583336002200609337002400631338003300655500006100688504010800749546010200857650001000959651001000969700005200979700004901031856005701080905001301137942001901150999001701169952017801186EG-GICUC20260121101347.0251126s1931 wj ||||fr|||| 00| 0 ara d a EG-GICUCbarac EG-GICUCd EG-GICUCerda aara04221a341.8bف ر . ق04221 aLaw1 12 341.8 ف ر . ق 19310 aفريدريك م. كودبىeمؤلف.12aالقانون الدولى والمللى الخاص فى فلسطين والشرق الأدنى :bيدرس فى معهد الحقوق لحكومة فلسطين فى القدس /cفريدريك م. كودبى ؛ حسن صدقى الدجانى، صلاح الدين العباسى. 3aالقدس :bمطبعة بيت المقدس،c1931. a416 صفحةc24 سم 2rda contentatext 2rda mediaaComputer 2rda carrieraOnline Resource aيحتوي على جدول بالخطأ والصواب aيحتوي على ارجاعات ببليوجرافية يحتوي على قائمة بالمراجع aالنص أغلبه باللغة العربية مع بعض النصوص الإنجليزية1 2qrmak1 2qrmak aصلاح الدين العباسىeمترجم. a حسن صدقى الدجانىeمترجم.40uhttps://fll.law.cu.edu.eg/fulltext/bks/B12-01515.pdf a75eYara 2ddcn0cBKe21 c46202d46202 00102ddc40718القانون الدولي الخاصaCUbLAW1d2025-11-26l0oLaw1 12 341.8 ف ر . ق 1931 1201515 C1pB12-01515r2025-11-26 11:13:22t1w2025-11-26yBK